000 00416nam a22001697a 4500
003 CEME
005 20210628204026.0
008 210105b xxu||||| |||| 00| 0 eng d
020 _a3540012184
040 _cceme
082 _a620.5 SPR
100 _aBhushan, Bharat
_962442
245 _a Springer handbook of nanotechnology
260 _aNEW YORK
_bSPRINGER
_c2004
300 _aXXXVI, 1221P
942 _cBK
_2ddc
999 _c575917
_d575917